[Event "DOM-ch"]
[Site "Santo Domingo"]
[Date "2016.04.01"]
[Round "1"]
[White "Sanchez, Jensy"]
[Black "Camacho Campusano, David Daniel"]
[Result "0-1"]
[WhiteElo "1735"]
[BlackElo "2078"]
[PlyCount "80"]
[EventDate "2016.04.01"]
[EventType "swiss"]
[EventRounds "11"]
[EventCountry "DOM"]
[SourceTitle "CBM 171 Extra"]
[Source "ChessBase"]
[SourceDate "2016.04.26"]
[SourceVersion "1"]
[SourceVersionDate "2016.04.26"]
[SourceQuality "1"]

1. e4 e5 2. Nf3 Nc6 3. Bb5 a6 4. Bxc6 dxc6 5. 0-0 Bg4 6. h3 Bxf3 7. Qxf3 Bc5 8. d3 Qf6 9. Nd2 Qg6 10. Nc4 f6 11. Be3 Bxe3 12. Nxe3 Ne7 13. Nf5 Nxf5 14. Qxf5 Qxf5 15. exf5 Rd8 16. Rae1 Kf7 17. f4 Rhe8 18. fxe5 fxe5 19. Re4 Kf6 20. g4 c5 21. Kg2 b5 22. h4 h6 23. a4 Rd4 24. axb5 axb5 25. Ra1 Red8 26. Ra6+ R8d6 27. Rxd6+ cxd6 28. Kf3 h5 29. b3 b4 30. Kg3 d5 31. g5+ Kxf5 32. Re1 Rg4+ 33. Kh3 e4 34. dxe4+ dxe4 35. Rd1 e3 36. Rd5+ Ke4 37. Rd8 e2 38. Rd7 Kf3 39. Re7 Re4 40. Rf7+ Ke3 0-1